000 00668cam a22002413a 4500
001 30964
003 PGUSA
005 20140828083653.0
008 100114s2010||||xxu|||||s|||||000 1 eng d
040 _aPGUSA
_beng
042 _adc
050 4 _aPS
100 1 _aHarrison, Harry,
_d1925-2012
245 1 4 _aThe Ethical Engineer
_h[electronic resource] /
_cHarry Harrison
260 _bProject Gutenberg,
_c2010
506 _aPublic domain in the USA.
516 _aElectronic text
653 _aScience fiction
700 1 _aSchoenherr, John,
_d1935-2010
830 0 _aProject Gutenberg
_v30964
856 4 0 _uhttp://www.gutenberg.org/ebooks/30964
942 _cEB
999 _c260219
_d260219